[Event "CHN-chT (Women)"]
[Site "Qingdao"]
[Date "2024.04.10"]
[Round "9.2"]
[White "Tian, Tian"]
[Black "Zhang, Xiao"]
[Result "1/2-1/2"]
[WhiteElo "2108"]
[BlackElo "2288"]
[PlyCount "45"]
[EventDate "2024.04.02"]
[EventType "team-swiss"]
[EventRounds "9"]
[EventCountry "CHN"]
[SourceTitle "CB16_2024"]
[SourceDate "2024.04.17"]
[SourceVersion "1"]
[SourceVersionDate "2024.04.17"]
[SourceQuality "1"]
[WhiteTeam "Tianjin (W)"]
[BlackTeam "Jiangsu (W)"]
[WhiteTeamCountry "CHN"]
[BlackTeamCountry "CHN"]

1. e4 c6 2. Nc3 d5 3. Nf3 Bg4 4. h3 Bxf3 5. Qxf3 e6 6. d3 Nf6 7. g3 Be7 8. Bg2 0-0 9. 0-0 Nbd7 10. Qe2 a5 11. a4 Qb6 12. b3 Bc5 13. Rb1 g6 14. Kh2 Qa6 15. Bb2 Rfe8 16. f4 Nh5 17. Qf3 Qb6 18. Ne2 Rad8 19. Rbd1 Bd6 20. Bc3 Bb4 21. Bb2 Bd6 22. Bc3 Bb4 23. Bb2 1/2-1/2

[Event "CHN-chT (Women)"]
[Site "Qingdao"]
[Date "2024.04.04"]
[Round "3.2"]
[White "Shao, Yanrui"]
[Black "Tian, Tian"]
[Result "0-1"]
[WhiteElo "1514"]
[BlackElo "2108"]
[PlyCount "64"]
[EventDate "2024.04.02"]
[EventType "team-swiss"]
[EventRounds "9"]
[EventCountry "CHN"]
[SourceTitle "CB16_2024"]
[SourceDate "2024.04.17"]
[SourceVersion "1"]
[SourceVersionDate "2024.04.17"]
[SourceQuality "1"]
[WhiteTeam "Anhui (W)"]
[BlackTeam "Tianjin (W)"]
[WhiteTeamCountry "CHN"]
[BlackTeamCountry "CHN"]

1. e4 c6 2. d4 d5 3. Nc3 dxe4 4. Nxe4 Bf5 5. Ng3 Bg6 6. Nf3 Nd7 7. Bd3 Bxd3 8. Qxd3 Ngf6 9. b3 e6 10. 0-0 Be7 11. Bb2 0-0 12. c4 Qa5 13. a3 Rfd8 14. Qc2 c5 15. b4 cxb4 16. axb4 Qc7 17. b5 a6 18. bxa6 Rxa6 19. Rxa6 bxa6 20. Ra1 a5 21. Ba3 Bxa3 22. Rxa3 Rc8 23. c5 Ra8 24. Ne4 Nxe4 25. Qxe4 Rb8 26. Nd2 Nf6 27. Qd3 e5 28. dxe5 Qxe5 29. Rxa5 Qe1+ 30. Nf1 Qxa5 31. c6 Qc7 32. Qa6 Rc8 0-1

[Event "CHN-chT (Women)"]
[Site "Qingdao"]
[Date "2024.04.03"]
[Round "2.2"]
[White "Tian, Tian"]
[Black "Zhou, Shumeng"]
[Result "1/2-1/2"]
[WhiteElo "2108"]
[BlackElo "1800"]
[PlyCount "75"]
[EventDate "2024.04.02"]
[EventType "team-swiss"]
[EventRounds "9"]
[EventCountry "CHN"]
[SourceTitle "CB16_2024"]
[SourceDate "2024.04.17"]
[SourceVersion "1"]
[SourceVersionDate "2024.04.17"]
[SourceQuality "1"]
[WhiteTeam "Tianjin (W)"]
[BlackTeam "Shanghai (W)"]
[WhiteTeamCountry "CHN"]
[BlackTeamCountry "CHN"]

1. e4 e5 2. Nf3 Nf6 3. Nc3 Nc6 4. Bb5 Nd4 5. Ba4 Bc5 6. d3 c6 7. 0-0 d6 8. h3 a5 9. Bb3 b5 10. a4 Nxb3 11. cxb3 b4 12. Ne2 0-0 13. Qc2 Re8 14. Ng3 h6 15. Re1 Qb6 16. Be3 Bxe3 17. Rxe3 Be6 18. Rd1 c5 19. Rde1 Nd7 20. Nd2 Qd8 21. Nc4 Nb8 22. Rf1 Nc6 23. f4 Nd4 24. Qd1 Bxc4 25. dxc4 exf4 26. Rxf4 Re5 27. Qf1 Qe7 28. Nf5 Nxf5 29. Rxf5 Re8 30. Qf2 Rxe4 31. Rxe4 Qxe4 32. Rxf7 Qe1+ 33. Qxe1 Rxe1+ 34. Rf1 Re3 35. Rf3 Rxf3 36. gxf3 Kf7 37. Kf2 Kf6 38. f4 1/2-1/2

[Event "CHN-chT Div-A Rapid"]
[Site "Fuling"]
[Date "2022.09.12"]
[Round "6.4"]
[White "Zhu, Jiner"]
[Black "Tian, Tian"]
[Result "1-0"]
[WhiteElo "2464"]
[BlackElo "2106"]
[PlyCount "117"]
[EventDate "2022.09.06"]
[EventType "team-tourn (rapid)"]
[EventRounds "11"]
[EventCountry "CHN"]
[SourceTitle "CBM 210 Extra"]
[Source "ChessBase"]
[SourceDate "2022.11.30"]
[SourceVersion "1"]
[SourceVersionDate "2022.11.30"]
[SourceQuality "1"]
[WhiteTeam "Zhejiang"]
[BlackTeam "Chongqing Ticai"]
[WhiteTeamCountry "CHN"]
[BlackTeamCountry "CHN"]

1. d4 d5 2. c4 e6 3. Nc3 Nf6 4. cxd5 exd5 5. Bg5 Be7 6. e3 c6 7. Bd3 0-0 8. Nge2 Re8 9. 0-0 Nbd7 10. f3 Nh5 11. Bxe7 Qxe7 12. e4 Nb6 13. Qc2 g6 14. Rae1 Be6 15. Qc1 Rad8 16. e5 f5 17. Nf4 Ng7 18. g3 a6 19. Nce2 Rc8 20. h4 c5 21. Qe3 Na4 22. b3 c4 23. bxa4 cxd3 24. Qxd3 Rc4 25. a5 Rec8 26. Rb1 R8c7 27. Rb6 Kf7 28. Rxe6 Nxe6 29. Nxd5 Qd7 30. Nxc7 Qxc7 31. Kg2 Rc2 32. Rf2 Qc4 33. Qxc4 Rxc4 34. d5 Nc5 35. Nf4 Ra4 36. Re2 Rxa5 37. e6+ Ke8 38. d6 Rb5 39. Nd5 Nxe6 40. Rxe6+ Kd7 41. Nf4 Rb2+ 42. Re2 Rxe2+ 43. Nxe2 Kxd6 44. Kf2 Kc5 45. Ke3 Kc4 46. Kd2 b5 47. Nf4 b4 48. Ne6 b3 49. axb3+ Kxb3 50. Nc5+ Kc4 51. Nxa6 Kd4 52. Nc7 h6 53. Ne6+ Ke5 54. Nf8 Kf6 55. Ke3 g5 56. h5 Ke5 57. Ng6+ Kf6 58. Kd4 Ke6 59. Kc5 1-0

[Event "CHN-chN (Women)"]
[Site "Jiangmen"]
[Date "2018.07.20"]
[Round "5"]
[White "Tian, Tian"]
[Black "Zhang, Xiao"]
[Result "0-1"]
[WhiteElo "2160"]
[BlackElo "1946"]
[PlyCount "116"]
[EventDate "2018.07.18"]
[EventType "swiss"]
[EventRounds "11"]
[EventCountry "CHN"]
[SourceTitle "CBM 185 Extra"]
[Source "ChessBase"]
[SourceDate "2018.07.29"]
[SourceVersion "1"]
[SourceVersionDate "2018.07.29"]
[SourceQuality "1"]

1. e4 c6 2. d4 d5 3. exd5 cxd5 4. Bd3 Nc6 5. c3 Nf6 6. Bf4 g6 7. Nf3 Bf5 8. Bxf5 gxf5 9. Ne5 e6 10. 0-0 Bd6 11. Re1 Qc7 12. Nd2 Bxe5 13. Bxe5 Nxe5 14. dxe5 Ne4 15. Nf3 0-0-0 16. Nd4 Kb8 17. f3 Nc5 18. Kh1 Nd7 19. Qe2 a6 20. Rad1 Qc4 21. Nb3 Qxe2 22. Rxe2 Rhg8 23. Rd4 Rg7 24. g3 Rc8 25. Nd2 b5 26. Rh4 Nc5 27. Nb3 Nd7 28. Kg2 Rc4 29. Kh3 Rxh4+ 30. Kxh4 Rg6 31. Nd4 Kc7 32. b4 Nb6 33. g4 fxg4 34. fxg4 Nc4 35. Nf3 f6 36. exf6 Rxf6 37. Ng5 e5 38. Kh5 h6 39. Nh7 Rd6 40. h4 d4 41. cxd4 exd4 42. g5 d3 43. Re1 d2 44. Rd1 Ne3 45. Rxd2 Rxd2 46. gxh6 Nf5 47. Nf8 Nxh6 48. Kxh6 Rxa2 49. h5 Rb2 50. Kg5 Rxb4 51. h6 Rb1 52. Ng6 Rg1+ 53. Kh5 Rh1+ 54. Nh4 Re1 55. h7 Re8 56. Ng6 b4 57. Kh6 b3 58. Ne7 b2 0-1

[Event "CHN-chTB"]
[Site "Harbin"]
[Date "2016.07.15"]
[Round "10.4"]
[White "Cai, Boheng"]
[Black "Tian, Tian"]
[Result "1-0"]
[WhiteElo "1610"]
[BlackElo "2174"]
[PlyCount "102"]
[EventDate "2016.07.11"]
[EventType "team-swiss"]
[EventRounds "11"]
[EventCountry "CHN"]
[SourceTitle "CBM 173 Extra"]
[Source "ChessBase"]
[SourceDate "2016.08.29"]
[SourceVersion "1"]
[SourceVersionDate "2016.08.29"]
[SourceQuality "1"]
[WhiteTeam "Taiyuan Huxiaoling"]
[BlackTeam "Hangzhou Chess Assoc"]
[WhiteTeamCountry "CHN"]
[BlackTeamCountry "CHN"]

1. d4 Nf6 2. c4 g6 3. Nc3 Bg7 4. e4 d6 5. Be2 0-0 6. Be3 e5 7. Nf3 exd4 8. Nxd4 Re8 9. f3 a5 10. 0-0 Na6 11. a3 Bd7 12. Qc2 Nh5 13. f4 Nf6 14. Bf3 Bg4 15. Rfe1 Bxf3 16. Nxf3 Ng4 17. Bf2 Nxf2 18. Kxf2 Qd7 19. Rad1 Nc5 20. Nd5 Qd8 21. b4 axb4 22. axb4 Na4 23. e5 c6 24. Ne3 Qb6 25. Rxd6 Qxb4 26. Rb1 Qa5 27. Rxb7 Nc5 28. Rb2 Reb8 29. Rd1 Qa3 30. Rbb1 Bf8 31. Nd4 Rxb1 32. Qxb1 Rd8 33. Qc2 Ne6 34. Nxe6 Rxd1 35. Qxd1 fxe6 36. Qd7 Bc5 37. Qxe6+ Kg7 38. Qd7+ Kf8 39. Qd2 Ke7 40. g4 Qb3 41. Qe2 Bxe3+ 42. Qxe3 Qxc4 43. Kg3 c5 44. f5 Ke8 45. e6 Qd5 46. f6 g5 47. f7+ Ke7 48. Qf3 Qd8 49. Kh3 h6 50. Qf5 Qc8 51. Qd5 Qf8 1-0

[Event "CHN-chTB"]
[Site "Harbin"]
[Date "2016.07.12"]
[Round "4.2"]
[White "Tian, Tian"]
[Black "Wang, Doudou"]
[Result "1/2-1/2"]
[WhiteElo "2174"]
[BlackElo "2214"]
[PlyCount "59"]
[EventDate "2016.07.11"]
[EventType "team-swiss"]
[EventRounds "11"]
[EventCountry "CHN"]
[SourceTitle "CBM 173 Extra"]
[Source "ChessBase"]
[SourceDate "2016.08.29"]
[SourceVersion "1"]
[SourceVersionDate "2016.08.29"]
[SourceQuality "1"]
[WhiteTeam "Hangzhou Chess Assoc"]
[BlackTeam "Hebei Ticai"]
[WhiteTeamCountry "CHN"]
[BlackTeamCountry "CHN"]

1. e4 e5 2. Nf3 Nc6 3. Bc4 Bc5 4. 0-0 d6 5. d3 Nf6 6. c3 a6 7. Bb3 h6 8. Nbd2 Ba7 9. Nc4 0-0 10. Ne3 Be6 11. Bc2 d5 12. Qe2 Re8 13. h3 Qd7 14. Nh2 Rad8 15. Qf3 Ne7 16. Nhg4 Nxg4 17. Nxg4 Ng6 18. g3 Qd6 19. Re1 dxe4 20. dxe4 Bxg4 21. Qxg4 Qf6 22. Qe2 Rd6 23. Be3 Bxe3 24. fxe3 Red8 25. Rad1 Rxd1 26. Rxd1 Rxd1+ 27. Bxd1 Qd6 28. Bb3 Nf8 29. Qf3 Ne6 30. Qf5 1/2-1/2

[Event "CHN-chT"]
[Site "Ningbo"]
[Date "2011.04.12"]
[Round "1"]
[White "Tian, Tian"]
[Black "Cai, Jiaying"]
[Result "0-1"]
[WhiteElo "2217"]
[BlackElo "2082"]
[PlyCount "124"]
[EventDate "2011.04.12"]
[EventType "team-tourn"]
[EventRounds "18"]
[EventCountry "CHN"]
[SourceTitle "CBM 141 Extra"]
[Source "ChessBase"]
[SourceDate "2011.05.03"]
[SourceVersion "1"]
[SourceVersionDate "2011.05.03"]
[SourceQuality "1"]
[WhiteTeam "Chongqing"]
[BlackTeam "Tianjin"]
[WhiteTeamCountry "CHN"]
[BlackTeamCountry "CHN"]

1. e4 c5 2. Nc3 Nc6 3. g3 g6 4. Bg2 Bg7 5. d3 e6 6. Be3 Nd4 7. Qd2 Qa5 8. Nf3 Ne7 9. 0-0 d6 10. a3 0-0 11. Rfb1 Qc7 12. Ne2 Nxe2+ 13. Qxe2 b6 14. Ra2 Bb7 15. c4 Rfe8 16. b4 Nc6 17. Qd2 Rad8 18. Qc1 Nd4 19. Bxd4 cxd4 20. Rc2 Rc8 21. Qf4 Qd7 22. Rbc1 Qa4 23. Qd2 Rc7 24. Ne1 Rec8 25. h4 h5 26. b5 Qxa3 27. Ra2 Qc5 28. Rxa7 d5 29. Rc2 dxe4 30. dxe4 Qe7 31. Qe2 e5 32. Nd3 Rxc4 33. Rxc4 Rxc4 34. f4 Rc7 35. Nb2 Qb4 36. f5 Qb3 37. fxg6 fxg6 38. Na4 d3 39. Qe3 Qc2 40. Bf3 d2 41. Qe2 Rd7 42. Qd1 Qc4 43. Kh2 Qd4 44. Bg2 Rc7 45. Qb3+ Kh7 46. Nb2 Qf2 47. Nd1 Qe2 48. Qf3 Qe1 49. Ra2 Rc1 50. Nf2 d1Q 51. Nxd1 Qxd1 52. Qe3 Rc5 53. Ra7 Qd7 54. Bh3 Qf7 55. Bg2 Rxb5 56. Qd3 Rb2 57. Qe3 Qf1 58. Qg1 Qxg1+ 59. Kxg1 Bc8 60. Rc7 Be6 61. Bf1 b5 62. Rb7 b4 0-1

[Event "All China Games 4th"]
[Site "Hefei"]
[Date "2010.05.20"]
[Round "11"]
[White "Yu, Lie"]
[Black "Tian, Tian"]
[Result "1-0"]
[WhiteElo "2443"]
[BlackElo "2235"]
[PlyCount "85"]
[EventDate "2010.05.17"]
[EventType "swiss (rapid)"]
[EventRounds "11"]
[EventCountry "CHN"]
[SourceTitle "CBM 136 Extra"]
[Source "ChessBase"]
[SourceDate "2010.07.02"]
[SourceVersion "2"]
[SourceVersionDate "2010.07.15"]
[SourceQuality "1"]

1. e4 c6 2. Ne2 d5 3. e5 e6 4. d4 c5 5. c3 Nc6 6. f4 h5 7. Be3 cxd4 8. Nxd4 Nge7 9. Bd3 g6 10. Nd2 Nf5 11. Nxf5 gxf5 12. Nf3 h4 13. Qe2 Qa5 14. a3 Be7 15. b4 Qc7 16. c4 dxc4 17. Bxc4 a6 18. Rc1 Bd7 19. 0-0 b5 20. Bd3 Qb7 21. Rfd1 Rc8 22. Qf2 Kf8 23. Be2 Kg7 24. Bc5 h3 25. gxh3 Bxc5 26. Qxc5 Rhe8 27. Qd6 Nb8 28. Kf2 Qa7+ 29. Qd4 Qb7 30. Rg1+ Kh8 31. Ng5 Bc6 32. Qe3 Rg8 33. Qg3 Qa7+ 34. Rc5 Rg7 35. Qh4+ Kg8 36. Nh7 Rxg1 37. Nf6+ Kf8 38. Qh8+ Ke7 39. Qxc8 Rg6 40. Kf1 Rxf6 41. exf6+ Kxf6 42. Qd8+ Kg6 43. Rc3 1-0

[Event "All China Games 4th"]
[Site "Hefei"]
[Date "2010.05.18"]
[Round "5"]
[White "Zhao, Xue"]
[Black "Tian, Tian"]
[Result "1-0"]
[WhiteElo "2493"]
[BlackElo "2235"]
[PlyCount "111"]
[EventDate "2010.05.17"]
[EventType "swiss (rapid)"]
[EventRounds "11"]
[EventCountry "CHN"]
[SourceTitle "CBM 136 Extra"]
[Source "ChessBase"]
[SourceDate "2010.07.02"]
[SourceVersion "2"]
[SourceVersionDate "2010.07.15"]
[SourceQuality "1"]

1. d4 d5 2. c4 e6 3. Nf3 Nf6 4. Nc3 Be7 5. Bf4 0-0 6. a3 b6 7. cxd5 exd5 8. g3 Be6 9. Bg2 Bd6 10. Ne5 c6 11. 0-0 Qe7 12. b4 Rc8 13. Qd2 Nbd7 14. Nd3 a5 15. Bxd6 Qxd6 16. b5 c5 17. dxc5 Nxc5 18. Nxc5 Rxc5 19. Rfc1 Rcc8 20. Rf1 Rc5 21. Rfc1 Rac8 22. e3 Qe5 23. f4 Qc7 24. Ne2 Rc2 25. Qd3 Qc4 26. Qxc4 R8xc4 27. Bf3 Bg4 28. Rxc2 Rxc2 29. Nd4 Rc3 30. Kf2 Bxf3 31. Kxf3 h5 32. Ra2 Ne4 33. Nc6 Nd6 34. Rd2 Kf8 35. Rxd5 Nxb5 36. Rxb5 Rxc6 37. g4 g6 38. h3 hxg4+ 39. hxg4 Rc3 40. Rxb6 Rxa3 41. Ke4 a4 42. Ra6 Kg7 43. Kd4 Ra1 44. Ke5 a3 45. e4 g5 46. f5 a2 47. Ra8 Rg1 48. Rxa2 Rxg4 49. f6+ Kg6 50. Ra8 Rg1 51. Rg8+ Kh6 52. Rg7 Ra1 53. Rxf7 Ra5+ 54. Ke6 Ra6+ 55. Kf5 g4 56. Rg7 1-0

[Event "All China Games 4th"]
[Site "Hefei"]
[Date "2010.05.17"]
[Round "1"]
[White "Gao, Rui"]
[Black "Tian, Tian"]
[Result "1-0"]
[WhiteElo "2464"]
[BlackElo "2235"]
[PlyCount "143"]
[EventDate "2010.05.17"]
[EventType "swiss (rapid)"]
[EventRounds "11"]
[EventCountry "CHN"]
[SourceTitle "CBM 136 Extra"]
[Source "ChessBase"]
[SourceDate "2010.07.02"]
[SourceVersion "2"]
[SourceVersionDate "2010.07.15"]
[SourceQuality "1"]

1. e4 c6 2. d4 d5 3. Nc3 dxe4 4. Nxe4 Bf5 5. Ng3 Bg6 6. h4 h6 7. Nf3 Nd7 8. h5 Bh7 9. Bd3 Bxd3 10. Qxd3 e6 11. Bd2 Ngf6 12. 0-0-0 Be7 13. Ne4 Nxe4 14. Qxe4 Nf6 15. Qd3 Qd5 16. c4 Qe4 17. Qb3 b5 18. Rhe1 Qf5 19. Re5 Qg4 20. cxb5 0-0 21. bxc6 Rfc8 22. Kb1 Bd6 23. Rb5 Rxc6 24. Qd3 Rac8 25. g3 Nd5 26. Rh1 Rc2 27. Rb3 Nf6 28. Rh4 Qf5 29. Qxf5 exf5 30. Rc3 R2xc3 31. Bxc3 Ne4 32. Be1 Be7 33. Rf4 g5 34. hxg6 fxg6 35. g4 Nd6 36. gxf5 Nxf5 37. Bc3 Bf6 38. Re4 h5 39. Bd2 Kg7 40. Bf4 Rd8 41. Be5 Bxe5 42. dxe5 Rd1+ 43. Kc2 Rf1 44. Re2 h4 45. e6 Kf8 46. Kd3 h3 47. Ke4 Ke7 48. Ke5 Rc1 49. b4 Nh4 50. Nh2 Rh1 51. Ng4 Rg1 52. Nh2 Rg2 53. Nf1 h2 54. Nxh2 Rxh2 55. a4 Rg2 56. Kd5 Rg4 57. Rb2 Nf5 58. a5 Rd4+ 59. Kc6 Kxe6 60. Re2+ Kf6 61. Rb2 a6 62. Kb7 Rd6 63. b5 axb5 64. a6 Rd7+ 65. Kc6 Rd6+ 66. Kb7 Rd7+ 67. Kc6 Rd6+ 68. Kb7 Nd4 69. a7 Rd7+ 70. Kb6 Rd8 71. Ra2 b4 72. a8Q 1-0

[Event "Moscow Aeroflot op-C"]
[Site "Moscow"]
[Date "2006.02.15"]
[Round "9"]
[White "Tian, Tian"]
[Black "Dolgova, Olga"]
[Result "1-0"]
[WhiteElo "2266"]
[BlackElo "2219"]
[PlyCount "99"]
[EventDate "2006.02.07"]
[EventType "swiss"]
[EventRounds "9"]
[EventCountry "RUS"]
[SourceTitle "EXT 2007"]
[Source "ChessBase"]
[SourceDate "2006.11.23"]
[SourceVersion "1"]
[SourceVersionDate "2006.11.23"]
[SourceQuality "1"]

1. e4 c5 2. Nc3 Nc6 3. g3 g6 4. Bg2 Bg7 5. d3 e6 6. Be3 d6 7. Qd2 Nd4 8. Nd1 Ne7 9. c3 Ndc6 10. Bh6 0-0 11. Nf3 Ne5 12. Bxg7 Kxg7 13. 0-0 Rb8 14. d4 Nxf3+ 15. Bxf3 b6 16. Ne3 Ba6 17. Rfe1 Qc7 18. Bg2 Rbe8 19. Rad1 c4 20. Qc2 Bb7 21. Qe2 b5 22. h4 f5 23. exf5 Nxf5 24. Bxb7 Qxb7 25. Ng2 Kh8 26. Qg4 Qf7 27. Nf4 Qf6 28. Nh3 h6 29. Re4 Kh7 30. Rde1 Re7 31. Nf4 Ng7 32. Qe2 Ree8 33. b3 cxb3 34. axb3 a6 35. c4 bxc4 36. bxc4 Qf5 37. c5 dxc5 38. Re5 Qf7 39. dxc5 Qa7 40. Qe4 Rf5 41. Nxg6 Kxg6 42. g4 Kh7 43. gxf5 exf5 44. Qd5 Rc8 45. Rxf5 Qc7 46. Rf7 Qc6 47. Qxc6 Rxc6 48. Ree7 Rg6+ 49. Kf1 Kh8 50. Rxg7 1-0

[Event "Moscow Aeroflot op-C"]
[Site "Moscow"]
[Date "2006.02.12"]
[Round "6"]
[White "Vuilleumier, Alexandre"]
[Black "Tian, Tian"]
[Result "1/2-1/2"]
[WhiteElo "2354"]
[BlackElo "2266"]
[PlyCount "100"]
[EventDate "2006.02.07"]
[EventType "swiss"]
[EventRounds "9"]
[EventCountry "RUS"]
[SourceTitle "EXT 2007"]
[Source "ChessBase"]
[SourceDate "2006.11.23"]
[SourceVersion "1"]
[SourceVersionDate "2006.11.23"]
[SourceQuality "1"]

1. e4 c6 2. d3 d5 3. Nd2 e5 4. Ngf3 Bd6 5. d4 exd4 6. exd5 cxd5 7. Bb5+ Nc6 8. 0-0 Nge7 9. Nxd4 0-0 10. N2b3 a6 11. Bd3 Ne5 12. Bf4 N7g6 13. Bxg6 hxg6 14. Nf3 Bg4 15. Bxe5 Bxe5 16. c3 Bc7 17. h3 Bf5 18. Nbd4 Be4 19. Re1 Qd6 20. Qb3 Rab8 21. Rad1 Rfe8 22. Re3 Qf4 23. Rde1 Red8 24. Ne2 Qh6 25. Nd2 Bf5 26. Nf1 Qg5 27. Nd4 Bd7 28. Qb4 Qf6 29. Rf3 Qd6 30. Qxd6 Bxd6 31. Rd3 Re8 32. Rxe8+ Rxe8 33. Ne3 Bf4 34. Kf1 Bxe3 35. Rxe3 Rxe3 36. fxe3 g5 37. Ke2 Kf8 38. Kd3 Ke7 39. Nf3 g4 40. hxg4 Bxg4 41. Ne5 Bf5+ 42. Kd4 f6 43. Nd3 Bxd3 44. Kxd3 Kd6 45. Kd4 g6 46. g3 b6 47. b3 Kc6 48. c4 dxc4 49. Kxc4 Kd6 50. Kd4 Ke6 1/2-1/2

[Event "Moscow Aeroflot op-C"]
[Site "Moscow"]
[Date "2006.02.07"]
[Round "1"]
[White "Tian, Tian"]
[Black "Gong, Qianyun"]
[Result "1/2-1/2"]
[WhiteElo "2266"]
[BlackElo "2355"]
[PlyCount "99"]
[EventDate "2006.02.07"]
[EventType "swiss"]
[EventRounds "9"]
[EventCountry "RUS"]
[SourceTitle "EXT 2007"]
[Source "ChessBase"]
[SourceDate "2006.11.23"]
[SourceVersion "1"]
[SourceVersionDate "2006.11.23"]
[SourceQuality "1"]

1. e4 e6 2. d4 d5 3. exd5 exd5 4. Bd3 Nc6 5. c3 Bd6 6. Ne2 Qf6 7. Ng3 g6 8. Be3 Bd7 9. Nd2 0-0-0 10. Qf3 Qe7 11. 0-0 f5 12. Rfe1 Qh4 13. Ngf1 Nge7 14. g3 Qf6 15. Bf4 g5 16. Bxd6 Qxd6 17. Nb3 b6 18. c4 g4 19. c5 Qf6 20. Qe3 Ng6 21. cxb6 cxb6 22. Rac1 Kb8 23. Bb5 f4 24. Qd2 h5 25. Rc3 h4 26. Rec1 Rc8 27. a4 hxg3 28. fxg3 fxg3 29. hxg3 Rh3 30. Qg2 Nge7 31. Bxc6 Rxc6 32. a5 Qd6 33. Rxc6 Bxc6 34. axb6 axb6 35. Qf2 Qh6 36. Nh2 Qd6 37. Rc3 Bd7 38. Qf4 Qxf4 39. gxf4 Rxc3 40. bxc3 Ng6 41. Kf2 Nxf4 42. Nc1 Nh5 43. Nf1 Kc7 44. Ne3 Kd6 45. Nd3 Nf6 46. c4 Be6 47. c5+ bxc5 48. Nxc5 Bc8 49. Kg3 Nh5+ 50. Kh4 1/2-1/2

[Event "CHN-chT final-B 1st"]
[Site "China"]
[Date "2005.09.16"]
[Round "5"]
[White "Tian, Tian"]
[Black "Ding, Linlin"]
[Result "1/2-1/2"]
[WhiteElo "2303"]
[BlackElo "2251"]
[PlyCount "106"]
[EventDate "2005.11.??"]
[EventType "team-tourn"]
[EventRounds "5"]
[EventCountry "CHN"]
[SourceTitle "EXT 2017"]
[Source "ChessBase"]
[SourceDate "2016.10.25"]
[SourceVersion "1"]
[SourceVersionDate "2016.10.25"]
[SourceQuality "1"]

1. e4 e5 2. Nf3 Nf6 3. Nxe5 d6 4. Nf3 Nxe4 5. Nc3 Nxc3 6. dxc3 Be7 7. Bd3 Nd7 8. Be3 Ne5 9. Nxe5 dxe5 10. Qh5 Qd5 11. 0-0 g6 12. Qe2 0-0 13. Bh6 Re8 14. Bc4 Qd6 15. Rfe1 Bf6 16. Rad1 Qe7 17. f4 Bf5 18. fxe5 Bxe5 19. Qf2 Qf6 20. Rf1 Qb6 21. Qxb6 axb6 22. Rxf5 gxf5 23. Rd7 Kh8 24. Rxf7 Rad8 25. Rxf5 Rd7 26. h3 Bg3 27. Rf1 Re1 28. Rxe1 Bxe1 29. Bf4 Kg7 30. Kf1 Bh4 31. Ke2 Kf6 32. Be3 Bg5 33. Bd4+ Ke7 34. Bd3 h6 35. g3 Bf6 36. Bf2 Kf7 37. g4 Kg7 38. h4 Rd8 39. Bg3 Re8+ 40. Kf3 Be5 41. Bf2 Rd8 42. Kg2 Ra8 43. a3 Ra4 44. Bf5 Ra8 45. Be3 Re8 46. Kf3 Bf6 47. Bf2 Re7 48. Bg3 Kf7 49. a4 Kg7 50. Bf2 c5 51. Bg3 Be5 52. Bf2 Bf6 53. Bg3 Be5 1/2-1/2

[Event "CHN-chT Torch Real Estate Cup"]
[Site "Wuxi"]
[Date "2005.05.14"]
[Round "13"]
[White "Tian, Tian"]
[Black "Gong, Qianyun"]
[Result "1/2-1/2"]
[WhiteElo "2303"]
[BlackElo "2350"]
[PlyCount "63"]
[EventDate "2005.05.08"]
[EventType "team-tourn"]
[EventRounds "13"]
[EventCountry "CHN"]
[SourceTitle "CBM 106 Extra"]
[Source "ChessBase"]
[SourceDate "2005.07.01"]
[SourceVersion "1"]
[SourceVersionDate "2005.07.01"]
[SourceQuality "1"]

1. e4 e6 2. d4 d5 3. exd5 exd5 4. Nf3 Bd6 5. Bd3 Ne7 6. 0-0 Bg4 7. c3 c6 8. Bg5 Qc7 9. Bxe7 Bxe7 10. Re1 0-0 11. Nbd2 h6 12. Qc2 Bd6 13. Bh7+ Kh8 14. Bf5 Bxf3 15. Nxf3 Nd7 16. Re2 Nf6 17. Rae1 g6 18. Bd3 Rae8 19. Ne5 Bxe5 20. dxe5 Nd7 21. e6 Rxe6 22. Rxe6 fxe6 23. Rxe6 Ne5 24. h3 Nxd3 25. Qxd3 Qf4 26. Qc2 Rf6 27. Re7 Rf7 28. Re3 Kg7 29. Re6 Rf6 30. Re7+ Rf7 31. Re6 Rf6 32. Re7+ 1/2-1/2

[Event "World op 32nd"]
[Site "Philadelphia"]
[Date "2004.07.03"]
[Round "5"]
[White "Tian, Tian"]
[Black "Kudrin, Sergey"]
[Result "0-1"]
[WhiteElo "2440"]
[BlackElo "2541"]
[PlyCount "94"]
[EventDate "2004.07.01"]
[EventType "swiss"]
[EventRounds "9"]
[EventCountry "USA"]
[SourceTitle "CBM 101 Extra"]
[Source "ChessBase"]
[SourceDate "2004.09.01"]
[SourceVersion "2"]
[SourceVersionDate "2004.09.01"]
[SourceQuality "1"]

1. e4 c5 2. Nc3 g6 3. g3 Bg7 4. Bg2 Nc6 5. d3 d6 6. Be3 e5 7. Qd2 h6 8. Nge2 Nge7 9. 0-0 Nd4 10. Nd1 d5 11. exd5 Nxd5 12. c3 Bf5 13. Nc1 Bh3 14. Bxd4 Bxg2 15. Bxe5 Bxf1 16. Bxg7 Rh7 17. Kxf1 Rxg7 18. Qxh6 Rg8 19. Ne3 Rc8 20. Ne2 Rc6 21. Kg1 g5 22. Qh7 Rcg6 23. Rd1 Qd7 24. Qh5 Nxe3 25. fxe3 Qc6 26. Qf3 Rf6 27. Qe4+ Qxe4 28. dxe4 Rf3 29. Rd3 Ke7 30. Kg2 c4 31. Rd4 Rxe3 32. Kf2 Rd3 33. Rxd3 cxd3 34. Nd4 g4 35. Ke3 Rh8 36. Kxd3 Rxh2 37. Ne2 Kf6 38. Ke3 Rg2 39. a4 Ke5 40. b4 Rxe2+ 41. Kxe2 Kxe4 42. Kd2 f6 43. a5 a6 44. Ke2 f5 45. Kd2 f4 46. gxf4 Kxf4 47. c4 Ke4 0-1

[Event "Asia-ch (Women) 10th"]
[Site "Calicut"]
[Date "2003.08.23"]
[Round "7"]
[White "Shen, Yang"]
[Black "Tian, Tian"]
[Result "1-0"]
[WhiteElo "2113"]
[BlackElo "2300"]
[PlyCount "93"]
[EventDate "2003.08.17"]
[EventType "swiss"]
[EventRounds "9"]
[EventCountry "IND"]
[SourceTitle "CBM 095 Extra"]
[Source "ChessBase"]
[SourceDate "2003.09.04"]
[SourceVersion "1"]
[SourceVersionDate "2003.09.04"]
[SourceQuality "1"]

1. e4 c6 2. d4 d5 3. Nd2 dxe4 4. Nxe4 Nd7 5. Ng5 Ngf6 6. Bd3 e6 7. Qe2 Bd6 8. N1f3 h6 9. Ne4 Nxe4 10. Qxe4 Qc7 11. 0-0 c5 12. Re1 Nf6 13. Qh4 Bd7 14. Ne5 cxd4 15. Qxd4 Bxe5 16. Rxe5 Ng4 17. Bf4 Nxe5 18. Bxe5 Qb6 19. Qxb6 axb6 20. Bxg7 Rg8 21. Bxh6 Bc6 22. g3 f5 23. Be3 b5 24. Bd4 Kf7 25. f4 Ra4 26. c3 Rd8 27. Kf2 b4 28. Ke3 Rda8 29. cxb4 Rxa2 30. Rc1 Ra1 31. Rc5 Re1+ 32. Be2 Rd8 33. Bc3 Rb1 34. Bc4 Be4 35. Rc7+ Kg6 36. g4 Rg8 37. Bxe6 Rf8 38. h3 fxg4 39. Kxe4 gxh3 40. Bxh3 Re8+ 41. Kf3 Rd1 42. Be5 Rd3+ 43. Kg4 Rg8 44. Kh4 Rf3 45. Be6 Rf8 46. Kg4 Rf2 47. f5+ 1-0